| 000 | 00722cab a2200205 4500 | ||
|---|---|---|---|
| 001 | ABS40893 | ||
| 008 | 090401t1989 xxu||||| |||| 00| 0 eng d | ||
| 035 | _a(Sirsi) u26787 | ||
| 041 | _aeng | ||
| 100 | _aJohnson, T. | ||
| 245 | _aVAT on development | ||
| 260 | _c1989 | ||
| 350 | _a0 | ||
| 490 |
_aEstates Gazette _v(8921) 27 May 1989, 68-88(2) |
||
| 520 | _aAssesses the implications of the imposition of VAT on the development of commercial property . The rules apply to new buildings and to extensions . Lists typical examples for exempt supplies and looks at the option to tax rule, illustrating with an example. | ||
| 650 | _aBUILDING INDUSTRY | ||
| 690 | _aTAXATION | ||
| 942 | _n0 | ||
| 948 | _c04/03/1997 | ||
| 999 |
_c18034 _d18034 |
||